Análisis del discurso: análisis sociolingüístico del lenguaje natural
Збережено в:
| Автор: | |
|---|---|
| Формат: | Невідомо |
| Мова: | Англійська |
| Опубліковано: |
Madrid
Alianza editorial
1987
|
| Предмети: | |
| Теги: |
Додати тег
Немає тегів, Будьте першим, хто поставить тег для цього запису!
|
MARC
| LEADER | 00000 a2200000 4500 | ||
|---|---|---|---|
| 003 | CL-VaPUC | ||
| 005 | 20231128160631.0 | ||
| 008 | 200130b ||||| |||| 00| 0 eng d | ||
| 999 | |c 288830 |d 288828 | ||
| 020 | |a 8420665207 | ||
| 040 | |c Pontificia Universidad Católica de Valparaíso | ||
| 082 | |a 401.41 STU 1987 | ||
| 100 | 1 | |a Stubbs, Michael |9 445328 | |
| 245 | |a Análisis del discurso: análisis sociolingüístico del lenguaje natural | ||
| 260 | |b Alianza editorial |c 1987 |a Madrid | ||
| 300 | |a 256 páginas | ||
| 583 | |k Sandra Vasquez |c 20200130 | ||
| 650 | 0 | 0 | |a Análisis del discurso |9 256696 |
| 650 | 0 | 0 | |a Discurso |9 351973 |
| 650 | 0 | 0 | |a Análisis lingüístico |9 314711 |
| 650 | 0 | 0 | |a Lingüística |9 265068 |
| 650 | 0 | 0 | |a Sociolingüística |9 263716 |
| 650 | 0 | 0 | |a Investigación lingüística |9 329785 |
| 942 | |2 ddc |c BK | ||
| 952 | |0 0 |1 0 |2 ddc |4 0 |6 401_410000000000000_STU_1987 |7 0 |8 A |9 495965 |a BIBEDU |b BIBEDU |d 2020-01-10 |e 59 |g 76886.00 |i 5572592 |l 3 |o 401.41 STU 1987 |p 5572592 |r 2024-09-23 |s 2024-09-12 |t 1 |v 76886.00 |w 2020-01-10 |y BK |k LIT | ||